Inhibition of lysosomal degradative functions in RPE cells by a retinoid component of lipofuscin

Saved in:
Bibliographic Details
Main Authors: Holz, Frank G. (Author) , Schütt, Florian (Author) , Kopitz, Jürgen (Author) , Eldred, Graig E. (Author) , Kruse, Friedrich E. (Author) , Völcker, Hans Eberhard (Author) , Cantz, Michael (Author)
Format: Article (Journal)
Language:English
Published: [March 1999]
In: Investigative ophthalmology & visual science
Year: 1999, Volume: 40, Issue: 3, Pages: 737-743
ISSN:1552-5783
Online Access:Verlag, lizenzpflichtig, Volltext: http://iovs.arvojournals.org/article.aspx?articleid=2162114
Get full text
Author Notes:Frank G. Holz, Florian Schütt, Jürgen Kopitz, Graig E. Eldred, Friedrich E. Kruse, Hans E. Völcker, and Michael Cantz

MARC

LEADER 00000caa a2200000 c 4500
001 1750112426
003 DE-627
005 20220819123255.0
007 cr uuu---uuuuu
008 210302s1999 xx |||||o 00| ||eng c
035 |a (DE-627)1750112426 
035 |a (DE-599)KXP1750112426 
035 |a (OCoLC)1341395897 
040 |a DE-627  |b ger  |c DE-627  |e rda 
041 |a eng 
084 |a 33  |2 sdnb 
100 1 |a Holz, Frank G.  |d 1962-  |e VerfasserIn  |0 (DE-588)114875855  |0 (DE-627)549545182  |0 (DE-576)289811589  |4 aut 
245 1 0 |a Inhibition of lysosomal degradative functions in RPE cells by a retinoid component of lipofuscin  |c Frank G. Holz, Florian Schütt, Jürgen Kopitz, Graig E. Eldred, Friedrich E. Kruse, Hans E. Völcker, and Michael Cantz 
264 1 |c [March 1999] 
300 |a 7 
336 |a Text  |b txt  |2 rdacontent 
337 |a Computermedien  |b c  |2 rdamedia 
338 |a Online-Ressource  |b cr  |2 rdacarrier 
500 |a Gesehen am 02.03.2021 
700 1 |a Schütt, Florian  |d 1969-  |e VerfasserIn  |0 (DE-588)118117327  |0 (DE-627)694683132  |0 (DE-576)291724132  |4 aut 
700 1 |a Kopitz, Jürgen  |e VerfasserIn  |0 (DE-588)1033923397  |0 (DE-627)743674472  |0 (DE-576)16530393X  |4 aut 
700 1 |a Eldred, Graig E.  |e VerfasserIn  |4 aut 
700 1 |a Kruse, Friedrich E.  |e VerfasserIn  |0 (DE-588)1111061238  |0 (DE-627)865472890  |0 (DE-576)163879737  |4 aut 
700 1 |a Völcker, Hans Eberhard  |d 1943-  |e VerfasserIn  |0 (DE-588)107745676X  |0 (DE-627)836712927  |0 (DE-576)446290807  |4 aut 
700 1 |a Cantz, Michael  |e VerfasserIn  |0 (DE-588)1141606402  |0 (DE-627)1000491374  |0 (DE-576)494433418  |4 aut 
773 0 8 |i Enthalten in  |t Investigative ophthalmology & visual science  |d Rockville, Md. : ARVO, 1977  |g 40(1999), 3, Seite 737-743  |h Online-Ressource  |w (DE-627)32048159X  |w (DE-600)2009858-3  |w (DE-576)091138515  |x 1552-5783  |7 nnas  |a Inhibition of lysosomal degradative functions in RPE cells by a retinoid component of lipofuscin 
773 1 8 |g volume:40  |g year:1999  |g number:3  |g pages:737-743  |g extent:7  |a Inhibition of lysosomal degradative functions in RPE cells by a retinoid component of lipofuscin 
856 4 0 |u http://iovs.arvojournals.org/article.aspx?articleid=2162114  |x Verlag  |z lizenzpflichtig  |3 Volltext 
951 |a AR 
992 |a 20210302 
993 |a Article 
994 |a 1999 
998 |g 1141606402  |a Cantz, Michael  |m 1141606402:Cantz, Michael  |d 910000  |d 912000  |e 910000PC1141606402  |e 912000PC1141606402  |k 0/910000/  |k 1/910000/912000/  |p 7  |y j 
998 |g 107745676X  |a Völcker, Hans Eberhard  |m 107745676X:Völcker, Hans Eberhard  |d 910000  |d 910900  |e 910000PV107745676X  |e 910900PV107745676X  |k 0/910000/  |k 1/910000/910900/  |p 6 
998 |g 1111061238  |a Kruse, Friedrich E.  |m 1111061238:Kruse, Friedrich E.  |d 910000  |d 910900  |e 910000PK1111061238  |e 910900PK1111061238  |k 0/910000/  |k 1/910000/910900/  |p 5 
998 |g 1033923397  |a Kopitz, Jürgen  |m 1033923397:Kopitz, Jürgen  |d 910000  |d 912000  |e 910000PK1033923397  |e 912000PK1033923397  |k 0/910000/  |k 1/910000/912000/  |p 3 
998 |g 118117327  |a Schütt, Florian  |m 118117327:Schütt, Florian  |d 910000  |d 910900  |e 910000PS118117327  |e 910900PS118117327  |k 0/910000/  |k 1/910000/910900/  |p 2 
998 |g 114875855  |a Holz, Frank G.  |m 114875855:Holz, Frank G.  |d 910000  |d 910900  |e 910000PH114875855  |e 910900PH114875855  |k 0/910000/  |k 1/910000/910900/  |p 1  |x j 
999 |a KXP-PPN1750112426  |e 3879895481 
BIB |a Y 
SER |a journal 
JSO |a {"type":{"bibl":"article-journal","media":"Online-Ressource"},"id":{"eki":["1750112426"]},"title":[{"title_sort":"Inhibition of lysosomal degradative functions in RPE cells by a retinoid component of lipofuscin","title":"Inhibition of lysosomal degradative functions in RPE cells by a retinoid component of lipofuscin"}],"name":{"displayForm":["Frank G. Holz, Florian Schütt, Jürgen Kopitz, Graig E. Eldred, Friedrich E. Kruse, Hans E. Völcker, and Michael Cantz"]},"physDesc":[{"extent":"7 S."}],"language":["eng"],"note":["Gesehen am 02.03.2021"],"relHost":[{"note":["Gesehen am 01.08.2016"],"language":["eng"],"physDesc":[{"extent":"Online-Ressource"}],"pubHistory":["16.1977 -"],"title":[{"title_sort":"Investigative ophthalmology & visual science","subtitle":"IOVS ; official journal of the Association for Research in Vision and Ophthalmology","title":"Investigative ophthalmology & visual science"}],"titleAlt":[{"title":"IOVS"}],"disp":"Inhibition of lysosomal degradative functions in RPE cells by a retinoid component of lipofuscinInvestigative ophthalmology & visual science","id":{"zdb":["2009858-3"],"issn":["1552-5783"],"eki":["32048159X"]},"type":{"bibl":"periodical","media":"Online-Ressource"},"origin":[{"dateIssuedDisp":"1977-","publisher":"ARVO ; [Verlag nicht ermittelbar]","dateIssuedKey":"1977","publisherPlace":"Rockville, Md. ; St. Louis, Mo."}],"part":{"issue":"3","text":"40(1999), 3, Seite 737-743","extent":"7","year":"1999","pages":"737-743","volume":"40"},"corporate":[{"role":"isb","display":"Association for Research in Vision and Ophthalmology"}],"recId":"32048159X"}],"recId":"1750112426","person":[{"display":"Holz, Frank G.","given":"Frank G.","family":"Holz","role":"aut"},{"role":"aut","family":"Schütt","display":"Schütt, Florian","given":"Florian"},{"display":"Kopitz, Jürgen","given":"Jürgen","family":"Kopitz","role":"aut"},{"family":"Eldred","role":"aut","given":"Graig E.","display":"Eldred, Graig E."},{"given":"Friedrich E.","display":"Kruse, Friedrich E.","family":"Kruse","role":"aut"},{"family":"Völcker","role":"aut","given":"Hans Eberhard","display":"Völcker, Hans Eberhard"},{"role":"aut","family":"Cantz","display":"Cantz, Michael","given":"Michael"}],"origin":[{"dateIssuedDisp":"[March 1999]","dateIssuedKey":"1999"}]} 
SRT |a HOLZFRANKGINHIBITION1999